Los primeros 50 dígitos de π - Whammies - Estadísticas

Estadísticas generales
  • Esta prueba ha sido intentada 149 veces
  • La puntuación promedio es 13 de 50
Estadísticas de respuestas
Respuesta % Correcto
1
100%
3
100%
4
95%
1
68%
5
59%
9
45%
2
41%
3
41%
5
41%
5
41%
6
41%
7
32%
8
32%
9
32%
2
27%
3
27%
3
27%
8
27%
9
27%
2
23%
4
23%
6
23%
6
23%
3
18%
3
18%
4
18%
0
14%
2
14%
2
14%
3
14%
5
14%
7
14%
8
14%
8
14%
8
14%
9
14%
1
9%
1
9%
3
9%
3
9%
4
9%
6
9%
7
9%
9
9%
9
9%
9
9%
9
9%
1
0%
5
0%
7
0%
No se encontraron pruebas coincidentes
Distribución de puntuación
Porcentaje de gente con cada puntuación
Porcentaje por número respondido
Historial de tus puntuaciones
No has intentado esta prueba.